[Event "FICGS rapid C 000156 email"]
[Site "FICGS email"]
[Date "2018.03.02"]
[Round "1"]
[White "Ndione, Mamadou"]
[Black "Vollmer, Steve"]
[Result "0-1"]
[WhiteElo "1800"]
[BlackElo "1555"]
[PlyCount "104"]
[EventDate "2018.??.??"]
[EventType "tourn (rapid)"]
[EventRounds "4"]
[SourceTitle "Corr 2022"]
[Source "ChessBase"]
[SourceDate "2021.10.24"]
[SourceVersion "1"]
[SourceVersionDate "2021.10.24"]
[SourceQuality "1"]

1. e4 c5 2. Nf3 Nc6 3. c3 e5 4. Bb5 d6 5. 0-0 Nf6 6. d3 Be7 7. Na3 0-0 8. h3 Bd7 9. Be3 a6 10. Ba4 b5 11. Bc2 Qa5 12. Nh2 d5 13. exd5 Nxd5 14. Bc1 Bd6 15. Qf3 Nce7 16. Rb1 Rac8 17. Qh5 Nf6 18. Qe2 Rfe8 19. Qd2 Qc7 20. Nf3 Ng6 21. b4 cxb4 22. cxb4 Bc6 23. Qe3 Nd5 24. Qg5 Ngf4 25. Kh2 e4 26. g3 Nxd3 27. Nd4 N5xb4 28. Nf5 Bf8 29. Bb3 Kh8 30. Bd2 f6 31. Qe3 Qd7 32. Nh4 Nd5 33. Qe2 Bxa3 34. Qh5 Ne5 35. f4 exf3 36. Bf4 Nxf4 37. gxf4 Qd2+ 38. Kg3 Qxf4+ 39. Kxf4 Nd3+ 40. Kg3 Bd6+ 41. Kg4 Re4+ 42. Kxf3 Rxh4+ 43. Ke3 Rxh5 44. Kxd3 Rxh3+ 45. Ke2 Re8+ 46. Kd1 Bf3+ 47. Rxf3 Rxf3 48. Rb2 Bb4 49. Rg2 Re1+ 50. Kc2 g5 51. Rh2 g4 52. Rg2 g3 0-1